00322nam a22001097a 4500008004100000020001500041082001500056100002400071245005000095260005300145300001400198230602b xxu||||| |||| 00| 0 eng d a996646669X a070.5bCHA cHenry Chakavad1996 aPublishing in Africa: bOne Man's Perspective aUnited StatesbBellagio Publishing Networkc1996 a182 pages